000 00359nam a2200157Ia 4500
008 230605s9999 xx 000 0 und d
041 _aeng
100 _aKhandge
245 _aWomens Literature in Indian Languages (1850 to 2000 ) Vol- II
250 _a1st
300 _a590
365 _b0
500 _a1952
520 _aGeneral
650 _aG.SKILL
999 _c418884
_d418884